Personalité k-pop #1 - Statistiques

Statistiques générales
  • Ce quiz a été pris 367 fois
  • Le résultat moyen est 12 sur 20
Statistiques - réponses
Par images Réponse % Correct
Rosé
92%
V
91%
Jennie
90%
RM
88%
Jimin
87%
Jisoo
87%
Jungkook
87%
Lisa
85%
Hyunjin
75%
Hwang Ye-ji
67%
Sana
53%
Kim Da-hyun
49%
G-Dragon
45%
yeosang
36%
Irene
32%
Minji
32%
Hyein
31%
Chanyeol
23%
Tiffany
12%
Wang Yiren
8%
Aucun quiz correspondant
Distribution des résultats
% des personnes avec chaque résultat
Percentile par nombre de réponses
Votre historique - résultats
Vous n’avez pas pris ce quiz